00571nam a2200121Ia 4500008004100000020001800041082002300059111006500082245016500147260005800312300001100370650006800381120622s9999 xx 000 0 und d a968-881-174-2 a338.972 S471p 1984 aSeminario Planeación en Tiempo de Crisis (1984 : México) aPlaneación en tiempo de crisis : ponencias y comentarios del seminario internacional celebrado en la ciudad de México los días 26,27 y 28 de Julio de 1984 aMéxico : Secretaria de Programación y Presupuesto a341 p. a1. MEXICO - POLITICA ECONOMICA - ENSAYOS, CONFERENCIAS, ETC.Ì